Symbols of the Periodic table IN ORDER! - Statistics

General Stats
  • This quiz has been taken 64 times
  • The average score is 98 of 118
Answer Stats
Element Symbol % Correct
Boron B
100%
Beryllium Be
100%
Carbon C
100%
Fluorine F
100%
Hydrogen H
100%
Helium He
100%
Lithium Li
100%
Nitrogen N
100%
Neon Ne
100%
Oxygen O
100%
Aluminium Al
95%
Argon Ar
95%
Chlorine Cl
95%
Magnesium Mg
95%
Phosphorus P
95%
Sulphur S
95%
Silicon Si
95%
Bromine Br
91%
Calcium Ca
91%
Cobalt Co
91%
Chromium Cr
91%
Gallium Ga
91%
Germanium Ge
91%
Potassium K
91%
Krypton Kr
91%
Sodium Na
91%
Rubidium Rb
91%
Scandium Sc
91%
Selenium Se
91%
Titanium Ti
91%
Vanadium V
91%
Yttrium Y
91%
Arsenic As
86%
Barium Ba
86%
Cadmium Cd
86%
Copper Cu
86%
Iron Fe
86%
Iodine I
86%
Indium In
86%
Manganese Mn
86%
Molybdenum Mo
86%
Nickel Ni
86%
Rhodium Rh
86%
Ruthenium Ru
86%
Strontium Sr
86%
Technetium Tc
86%
Xenon Xe
86%
Zinc Zn
86%
Zirconium Zr
86%
Actinium Ac
82%
Silver Ag
82%
Astatine At
82%
Gold Au
82%
Bismuth Bi
82%
Cerium Ce
82%
Einsteinium Es
82%
Europium Eu
82%
Francium Fr
82%
Hafnium Hf
82%
Mercury Hg
82%
Iridium Ir
82%
Lanthanum La
82%
Niobium Nb
82%
Neptunium Np
82%
Osmium Os
82%
Palladium Pd
82%
Polonium Po
82%
Radium Ra
82%
Tellurium Te
82%
Thorium Th
82%
Uranium U
82%
Americium Am
77%
Bohrium Bh
77%
Berkelium Bk
77%
Californium Cf
77%
Caesium Cs
77%
Dubnium Db
77%
Dysprosium Dy
77%
Erbium Er
77%
Fermium Fm
77%
Gadolinium Gd
77%
Holmium Ho
77%
Hassium Hs
77%
Lawrencium Lr
77%
Lutetium Lu
77%
Mendelevium Md
77%
Nobelium No
77%
Lead Pb
77%
Praseodymium Pr
77%
Platinum Pt
77%
Plutonium Pu
77%
Rutherfordium Rf
77%
Radon Rn
77%
Samarium Sm
77%
Tantalum Ta
77%
Terbium Tb
77%
Thallium Tl
77%
Ytterbium Yb
77%
Curium Cm
73%
Copernicium Cn
73%
Darmstadtium Ds
73%
Flerovium Fl
73%
Meitnerium Mt
73%
Neodymium Nd
73%
Promethium Pm
73%
Rhenium Re
73%
Roentgenium Rg
73%
Seaborgium Sg
73%
Tungsten W
73%
Livermorium Lv
68%
Moscovium (Ununpentium) Mc
68%
Nihonium (Ununtrium) Nh
68%
Protactinium Pa
68%
Tin Sn
68%
Thulium Tm
68%
Oganesson (Ununoctium) Og
64%
Tennessine (Ununseptium) Ts
64%
Antimony Sb
59%
No matching quizzes found
Score Distribution
Percent of People with Each Score
Percentile by Number Answered
Your Score History
You have not taken this quiz